000 00315nam a2200121Ia 4500
005 20251222143247.0
008 251222s9999||||xx |||||||||||||| ||spa||
082 _a262.7/C76
100 _aConsejo Pontificio de la Cultura
245 0 _aJesucristo portador del Agua de la Vida:
264 _bEPICONSA
942 _cLIB
999 _c14791
_d14791